Účtovné súvzťažnosti : Praktická príručka pre účtovníkov

Na minha lista:
Detalhes bibliográficos
Main Authors: Kaletová, Viera (Author), Turóciová, Jana (Author)
Formato: Livro
Idioma:eslovaco
Publicado em: Žilina : Poradca podnikateľa, spol.s.r.o., 2013
Assuntos:
Tags: Adicionar Tag
Sem tags, seja o primeiro a adicionar uma tag!

MARC

LEADER 00000nam a22000003a 4500
001 stu276128
005 20150617230243.5
008 131014s--------xo------------------slo-d
020 |a 978-80-89363-66-7 
040 |a STU  |b slo 
041 0 |a slo 
044 |a xo 
100 1 |a Kaletová, Viera  |4 aut 
245 1 |a Účtovné súvzťažnosti :  |b Praktická príručka pre účtovníkov 
260 |a Žilina :  |b Poradca podnikateľa, spol.s.r.o.,  |c 2013 
300 |a 528 s 
650 7 |a účtovníctvo  |2 stusub 
700 1 |a Turóciová, Jana  |4 aut 
996 |b I7776  |l II680  |s A  |a 24  |w stu276128_0001